000 00357nam a2200133Ia 4500
008 220216s9999 xx 000 0 und d
100 _aVijayakumar K.R.
245 0 _aNatural rubber: Transfer of technology workshop
260 _bIndian Rubber Journal
_c2010
300 _a38-40
650 _aNatural rubber
650 _aTechnology transfer
942 _cJS
999 _c63683
_d63683